00322nam a2200133Ia 4500003000400000008004100004082001600045100001800061245005000079250000800129260002500137300000800162650001800170OSt191201s2005 xx 000 0 und d a153.43bTHT aTHORPE, Edgar 0aTest of Reasoning for Competitive Examination a3rd aNew DelhibTMHc2005 a644 aGeneral Books